|
|
|
|
| LEADER |
00000nam2a2200000 4500 |
| 001 |
251727 |
| 005 |
20231101232701.0 |
| 035 |
|
|
|a (RuTPU)RU\TPU\book\274036
|
| 035 |
|
|
|a RU\TPU\book\273886
|
| 090 |
|
|
|a 251727
|
| 100 |
|
|
|a 20140224d1989 k y0rusy50 ca
|
| 101 |
0 |
|
|a rus
|
| 102 |
|
|
|a RU
|
| 105 |
|
|
|a y z 001zy
|
| 200 |
0 |
|
|a [Вып. 154] : Вычислительные вопросы анализа больших систем
|f под ред. В. Г. Карманова
|
| 210 |
|
|
|d 1989
|
| 215 |
|
|
|a 164 с.
|
| 320 |
|
|
|a Библиогр. в конце ст.
|
| 461 |
|
1 |
|0 (RuTPU)RU\TPU\book\161768
|t Вопросы кибернетики
|o сборник статей
|f Академия наук СССР (АН СССР), Научный совет по комплексной проблеме "Кибернетика"
|v [Вып. 154] : Вычислительные вопросы анализа больших систем
|d 1975-1992
|
| 606 |
1 |
|
|a Кибернетика
|2 stltpush
|3 (RuTPU)RU\TPU\subj\39446
|9 59539
|
| 606 |
1 |
|
|a Автоматические системы регулирования
|x Расчет на вычислительных машинах
|2 stltpush
|3 (RuTPU)RU\TPU\subj\786
|9 29592
|
| 610 |
1 |
|
|a нелинейное программирование
|
| 610 |
1 |
|
|a прикладная математика
|
| 610 |
1 |
|
|a ЭВМ
|
| 610 |
1 |
|
|a полиномиальные алгоритмы
|
| 610 |
1 |
|
|a проектирование
|
| 610 |
1 |
|
|a информационно-поисковые системы
|
| 610 |
1 |
|
|a математическое программирование
|
| 610 |
1 |
|
|a квадратичное программирование
|
| 702 |
|
1 |
|a Карманов
|b В. Г.
|4 340
|
| 801 |
|
1 |
|a RU
|b 63413507
|c 20081212
|g PSBO
|
| 801 |
|
2 |
|a RU
|b 63413507
|c 20160622
|g PSBO
|
| 942 |
|
|
|c BK
|